Matúš Dula

Bibliographic Details
Main Author: Hleba, Edmund, 1926-2011 (Author)
Format: Article
Language:Slovak
PhysicalDescription:Fotogr. 1
ISSN:0862-8823
Subjects:

MARC

LEADER 00000nab a2200000 a 4500
001 vtls000600615
003 SK-MaSNL
005 20260304195228.0
008 160322c xo 0 slo
015 |a SNBRB19rr/mm-uuuuu 
035 |a CL0600754 
040 |a SNKBUCL  |b slo  |c SNKBUCL  |e AACR2 
041 0 |a slo 
044 |a xo  |c SK 
080 |a 943.76-051"1846/1926"  |2 1981 
080 |a 32-051  |2 1981 
100 1 |a Hleba, Edmund,  |d 1926-2011  |4 aut  |9 169917 
245 1 0 |a Matúš Dula  |c Edmund Hleba 
300 |b Fotogr. 1 
600 1 7 |a Dula, Matúš,  |d 1846-1926  |2 snkbucl  |9 10816 
655 7 |a články z novín a časopisov  |2 snkbucl  |9 267496 
773 0 |x 0862-8823  |t Slovenské národné noviny  |g Roč. 7 (11), č. 39 (1996), s. 8-9 
850 |a Slovenská národná knižnica v Martine  |a MTA001 
852 |a SNK  |b KIS3GCP 
958 |a SK 
958 |a BX 
958 |a RK 
958 |a RBX 
999 |c 3080289  |d 3082219